Predstava o ďalšom rozvoji Burzy cenných papierov v Bratislave a jej postavení v rámci kapitálového trhu SR

Hodnotenie súčasného stavu BCPB. Zmena organizačnej štruktúry. Inovácia obchodného systému. Permanentný rozvoj produktov a postupov. Legislatívne úpravy vo väzbe na činnosť BCPB.

Na minha lista:
Detalhes bibliográficos
Autor principal: Lahkovič, Rudolf
Formato: Capítulo de Livro
Idioma:eslovaco
Assuntos:
Tags: Adicionar Tag
Sem tags, seja o primeiro a adicionar uma tag!

MARC

LEADER 00000naa a2200000 4500
001 r036680
005 20230824102222.8
041 0 |a slo 
044 |a SK 
245 1 0 |a Predstava o ďalšom rozvoji Burzy cenných papierov v Bratislave a jej postavení v rámci kapitálového trhu SR  |c Rudolf Lahkovič 
520 |a Hodnotenie súčasného stavu BCPB. Zmena organizačnej štruktúry. Inovácia obchodného systému. Permanentný rozvoj produktov a postupov. Legislatívne úpravy vo väzbe na činnosť BCPB. 
610 2 0 |a burzy 
610 2 0 |a trh kapitálový 
610 2 0 |a papiere cenné 
610 2 0 |a spot 
610 2 0 |a Slovensko 
610 2 0 |a BCPB 
100 1 |a Lahkovič, Rudolf